| 000 | 00394 a2200157 4500 | ||
|---|---|---|---|
| 020 | _a0130262218 | ||
| 082 | _a650.03 | ||
| 090 |
_c6615 _d6615 |
||
| 100 | _aCross,Wilbur | ||
| 245 |
_aEncyclopedic Dictionary of Business Terms. _cWilbur Cross. |
||
| 250 | _a1st. | ||
| 260 |
_aNew Jersey. _bPrentice Hall. _c1995. |
||
| 300 | _a472p. | ||
| 500 | _aHard cover | ||
| 942 |
_aNBS _cBK _k650.03 CRO |
||
| 999 |
_c348973 _d348973 |
||